[Event "1998 PHCC Championships"]
[Site "Port Huron, MI"]
[Date "1998.04.30"]
[Round "?"]
[White "Rutkofske, Lonnie"]
[Black "Bruziewicz, Andrew"]
[Result "0-1"]
[WhiteElo "1897"]
[BlackElo "2104"]
[PlyCount "95"]
[EventDate "1998.04.30"]
[EventType "swiss"]
[EventRounds "5"]

1. e4 c5 2. c4 Nc6 3. Nc3 d6 4. d3 g6 5. g3 Bg7 6. Bg2 Nf6 7. Nge2 h5 8. h3 Bd7 9. Be3 Qa5 10. Qd2 a6 11. f4 Rb8 12. O-O b5 13. cxb5 axb5 14. d4 b4 15. Nd1 Nh7 16. Bf2 Nxd4 17. Nxd4 Bxd4 18. Bxd4 cxd4 19. Qxd4 Qb6 20. Qf2 Qxf2+ 21. Nxf2 g5 22. Nd3 Bc6 23. Rfc1 Kd7 24. f5 Rb5 25. Rc4 Rhb8 26. Rac1 Ba8 27. Rd1 Ke8 28. Rdc1 Kd8 29. Rd4 f6 30. Rcc4 b3 31. a3 Nf8 32. Bf3 h4 33. gxh4 gxh4 34. Kf2 Nh7 35. Ke3 Ng5 36. Nc5 Rc8 37. Ne6+ Nxe6 38. fxe6 Rxc4 39. Rxc4 Bb7 40. Be2 Rb6 41. Kf4 Ba6 42. Kg4 Bxc4 43. Bxc4 Kc7 44. Kxh4 Kc6 45. Bd5+ Kc5 46. Kg4 Kd4 47. Kf5 Ke3 48. Kg6 {[And Black went on to win.]} 0-1

[Event "2004 Canadian Open"]
[Site "?"]
[Date "2004.07.13"]
[Round "5"]
[White "Morabito, Matthew"]
[Black "Nataf, Igor Alexandre"]
[Result "0-1"]
[WhiteElo "1800"]
[BlackElo "2553"]
[Annotator "Fritz12"]
[PlyCount "54"]
[EventDate "2004.07.13"]
[EventType "swiss"]
[EventRounds "9"]

1. Nf3 Nf6 2. g3 g6 3. Bg2 d6 4. Nc3 c5 5. d3 Bg7 6. O-O O-O 7. e4 Nc6 8. Nd5 Ne8 9. c3 e6 10. Ne3 e5 11. Qb3 Kh8 12. Nd5 Nc7 13. Ng5 h5 14. Nxc7 Qxc7 15. Nh3 Be6 16. Qc2 Qd7 17. f4 Bxh3 18. f5 Bxg2 19. Qxg2 gxf5 20. exf5 f6 21. Qh3 Kh7 22. g4 Rg8 $4 23. Rf3 $4 (23. Qxh5+ Bh6 24. Qxh6#) 23... Bf8 24. Qh4 Qg7 25. Rg3 d5 26. g5 fxg5 27. Rxg5 Be7 0-1

[Event "2004 Lansing Open"]
[Site "?"]
[Date "2004.09.04"]
[Round "2"]
[White "Morabito, Matthew"]
[Black "Smith, Walter"]
[Result "0-1"]
[WhiteElo "1751"]
[BlackElo "1927"]
[PlyCount "58"]
[EventDate "2004.09.04"]
[EventType "swiss"]
[EventRounds "9"]

1. Nf3 d5 2. g3 c5 3. Bg2 Nc6 4. O-O Nf6 5. d3 g6 6. Re1 Bg7 7. Nbd2 O-O 8. e4 Bg4 9. h3 dxe4 10. Nxe4 Nxe4 11. Rxe4 Bf5 12. Re1 Qb6 13. Rb1 Rad8 14. Nh4 Be6 15. Rxe6 fxe6 16. Qg4 Ne5 17. Qe4 Qa6 18. Bf4 Rd4 19. Qxb7 Qxa2 20. Re1 Rd7 21. Qe4 Nf7 22. c4 Qxb2 23. Qxe6 Rxd3 24. Be4 Rd4 25. Bxg6 Rxf4 26. Bxh7+ Kxh7 27. Qg6+ Kg8 28. gxf4 Qf6 29. f3 Qxh4 0-1

[Event "2004 Lansing Open"]
[Site "?"]
[Date "2004.09.06"]
[Round "6"]
[White "Morabito, Matthew"]
[Black "Mazuchowski, Thomas"]
[Result "1-0"]
[WhiteElo "1751"]
[BlackElo "2000"]
[PlyCount "67"]
[EventDate "2004.09.06"]
[EventType "swiss (blitz)"]
[EventRounds "6"]

1. Nf3 Nf6 2. g3 g6 3. Bg2 Bg7 4. c4 O-O 5. Nc3 d6 6. d4 Nc6 7. d5 Na5 8. Qd3 c5 9. Bd2 a6 10. Rb1 e6 11. Bg5 h6 12. Bxf6 Bxf6 13. Nd2 Bxc3 14. Qxc3 e5 15. O-O b6 16. f4 exf4 17. Rxf4 f5 18. Rbf1 Ra7 19. e4 Re7 20. exf5 Rxf5 21. Be4 Rxf4 22. Rxf4 Rf7 23. Qf3 Qf8 24. Bxg6 Rxf4 25. Qxf4 Qg7 26. Qe4 Bd7 27. Be8 Bxe8 28. Qxe8+ Kh7 29. Qe4+ Kg8 30. Qe6+ Kh7 31. Ne4 Qd4+ 32. Kg2 Nxc4 33. Qf7+ Kh8 34. Nf6 1-0

[Event "2007 PHCC Championships "]
[Site "?"]
[Date "2007.02.15"]
[Round "3"]
[White "Rutkofske, Lonnie"]
[Black "Gregg, Alan"]
[Result "1/2-1/2"]
[WhiteElo "1900"]
[BlackElo "2000"]
[PlyCount "60"]
[EventDate "2007.02.15"]
[EventType "swiss"]
[EventRounds "4"]

1. c4 f5 2. g3 Nf6 3. Bg2 d6 4. Qb3 c6 5. d4 Qb6 6. Qd3 e6 7. Nf3 Be7 8. O-O O-O 9. b3 Ne4 10. Nfd2 Nxd2 11. Nxd2 Bf6 12. e3 Nd7 13. Rb1 Qc7 14. Ba3 c5 15. Rfc1 Rb8 16. f4 b6 17. b4 g6 18. bxc5 dxc5 19. d5 Qd6 20. Rd1 e5 21. Qc2 Re8 22. Nf3 e4 23. Nd4 Bxd4 24. Rxd4 Nf6 25. Rd2 Rb7 26. Bb2 Rf7 27. h3 h5 28. Bc3 Ree7 29. Qb2 Ne8 30. Rbd1 Qd7 1/2-1/2

[Event "2010 PHCC Chamionships"]
[Site "Port Huron"]
[Date "2010.01.28"]
[Round "2"]
[White "Fiedler, Robert"]
[Black "Morabito, Matthew"]
[Result "0-1"]
[WhiteElo "1769"]
[BlackElo "1725"]
[PlyCount "44"]
[EventDate "2010.01.28"]
[EventType "swiss"]
[EventRounds "4"]

1. e4 c5 2. Nf3 d6 3. d4 cxd4 4. Nxd4 Nf6 5. Nc3 Nc6 6. Bc4 e6 7. a3 Be7 8. O-O O-O 9. f4 Qb6 10. b4 Qxd4+ 11. Qxd4 Nxd4 12. Rf2 a6 13. Be3 Nc6 14. h3 b5 15. Bb3 Bb7 16. Rd1 Rad8 17. f5 e5 18. Bb6 Rc8 19. Rfd2 Nxb4 20. Nxb5 axb5 21. axb4 Bxe4 22. g4 Bf3 0-1

[Event "2010 PHCC Championships"]
[Site "Port Huron"]
[Date "2010.01.21"]
[Round "1"]
[White "Boucher, David"]
[Black "Fiedler, Robert"]
[Result "1/2-1/2"]
[WhiteElo "1303"]
[BlackElo "1769"]
[PlyCount "77"]
[EventDate "2010.01.21"]
[EventType "swiss"]
[EventRounds "4"]

1. e4 c5 2. Nf3 Nc6 3. Bc4 a6 4. a3 b5 5. Ba2 c4 6. d3 cxd3 7. cxd3 e6 8. b4 Nf6 9. Bb2 Be7 10. e5 Nd5 11. Nc3 Nf4 12. O-O d6 13. d4 d5 14. Bc1 Ng6 15. Bb1 O-O 16. Ne2 f5 17. Nf4 Nxf4 18. Bxf4 Bd7 19. Qd2 h6 20. h4 Bxh4 21. Bxh6 gxh6 22. Qxh6 Bxf2+ 23. Rxf2 Rf7 24. Ng5 Re7 25. Rf4 Qf8 26. Qg6+ Rg7 27. Qh6 Ne7 28. Rh4 Ng6 29. Nh7 Qe7 30. Nf6+ Kf7 31. Rh3 Rh8 32. Qe3 Rxh3 33. Qxh3 Nf4 34. Qf3 Nxg2 35. Qh5+ Kf8 36. Qh8+ Kf7 37. Qh5+ Rg6 38. Qh7+ Rg7 39. Qh5+ 1/2-1/2

[Event "2010 PHCC Championships"]
[Site "St. Clair"]
[Date "2010.01.16"]
[Round "1"]
[White "Broyles, Thomas"]
[Black "Chan, Jaime"]
[Result "1-0"]
[WhiteElo "1737"]
[BlackElo "1447"]
[PlyCount "103"]
[EventDate "2010.01.16"]
[EventType "swiss"]
[EventRounds "4"]

1. e4 d6 2. Bc4 Nf6 3. d3 g6 4. Nc3 Bg7 5. Nf3 O-O 6. h3 c6 7. Bg5 b5 8. Bb3 a5 9. a3 Bb7 10. Qc1 Re8 11. Bh6 b4 12. axb4 axb4 13. Rxa8 Bxa8 14. Ne2 Qa5 15. Bxg7 Kxg7 16. O-O Nbd7 17. Ng5 e6 18. f4 h6 19. Nf3 Nc5 20. e5 Nxb3 21. exf6+ Kxf6 22. cxb3 Qd5 23. Qc4 c5 24. Qxd5 Bxd5 25. Nd2 Ra8 26. Nc4 Ra2 27. Rb1 Ke7 28. g4 Bf3 29. Kf2 Bb7 30. Ng3 d5 31. Ne5 g5 32. f5 f6 33. Nf3 e5 34. Ke2 d4 35. Nd2 Bd5 36. Nge4 Bf7 37. Nxc5 h5 38. Nc4 hxg4 39. hxg4 Ra8 40. Rh1 Bxc4 41. bxc4 Ra2 42. Rb1 Kf7 43. Kd2 Ke7 44. Kc2 Ra8 45. Kb3 Rh8 46. Kxb4 Rh2 47. Ka5 Rg2 48. b4 Kd8 49. b5 Kc8 50. b6 Ra2+ 51. Kb5 Ra3 52. Kc6 1-0

[Event "2010 PHCC Championships"]
[Site "Port Huron"]
[Date "2010.01.14"]
[Round "1"]
[White "Morabito, Matthew"]
[Black "Gregg, Alan"]
[Result "1/2-1/2"]
[WhiteElo "1725"]
[BlackElo "1981"]
[PlyCount "71"]
[EventDate "2010.01.14"]
[EventType "tourn"]
[EventRounds "4"]

1. Nf3 c5 2. g3 Nc6 3. Bg2 g6 4. O-O Bg7 5. d3 Nf6 6. Nc3 O-O 7. e4 d6 8. Nd5 e6 9. Nxf6+ Qxf6 10. c3 h6 11. Bf4 e5 12. Be3 Kh7 13. Nh4 Qd8 14. Qc2 Be6 15. Nf3 Rc8 16. Nd2 b6 17. f4 f5 18. exf5 Bxf5 19. Be4 Ne7 20. fxe5 d5 21. Bxf5 Nxf5 22. Bf2 Bxe5 23. Rae1 Bg7 24. Re2 Qd7 25. Rfe1 Rce8 26. Qd1 d4 27. c4 Ne3 28. Qc1 Qh3 29. Bxe3 Rxe3 30. Qc2 Rf5 31. Ne4 Rff3 32. Rxe3 dxe3 33. Qg2 Qf5 34. Nd6 Qf8 35. Ne4 Bd4 36. Re2 1/2-1/2

[Event "2010 PHCC Championships"]
[Site "Port Huron"]
[Date "2010.01.14"]
[Round "1"]
[White "Rutkofske, Lonnie"]
[Black "Wingrove, William"]
[Result "1/2-1/2"]
[WhiteElo "1902"]
[BlackElo "1699"]
[PlyCount "72"]
[EventDate "2010.01.14"]
[EventType "tourn"]
[EventRounds "4"]

1. g3 c5 2. c4 Nc6 3. Bg2 g6 4. e4 Bg7 5. Ne2 d6 6. O-O e5 7. h3 Nge7 8. Nbc3 a6 9. d3 O-O 10. a3 Rb8 11. Bd2 b5 12. cxb5 axb5 13. Na2 Be6 14. b4 c4 15. Be3 d5 16. exd5 Bxd5 17. Nac3 Bxg2 18. Kxg2 Qxd3 19. Qc1 Qd7 20. Ra2 Qb7 21. Kh2 Rfd8 22. Ne4 Nd4 23. Nxd4 exd4 24. Nc5 Qd5 25. Bf4 Ra8 26. Re2 Nc6 27. Bg5 Re8 28. Rfe1 Re5 29. Bf4 Rxe2 30. Rxe2 d3 31. Qd1 Qf3 32. Re8+ Rxe8 33. Qxf3 Nd4 34. Qd1 Re2 35. Kg2 Nc2 36. Nxd3 cxd3 1/2-1/2

[Event "2010 PHCC Championships"]
[Site "?"]
[Date "2010.01.14"]
[Round "1"]
[White "Willard, Phillip"]
[Black "Petty, Michael"]
[Result "0-1"]
[WhiteElo "1514"]
[BlackElo "1703"]
[PlyCount "60"]
[EventDate "2010.01.14"]
[EventType "swiss"]
[EventRounds "4"]

1. e4 d6 2. Nf3 Bg4 3. h3 Bxf3 4. Qxf3 c6 5. Nc3 g6 6. d4 Bg7 7. Be3 Qc7 8. Bc4 Nf6 9. Bf4 Nbd7 10. O-O-O O-O 11. g4 b5 12. Bb3 a5 13. a3 b4 14. Na4 bxa3 15. bxa3 c5 16. g5 Nh5 17. Be3 c4 18. Ba2 Qc6 19. Nc3 e6 20. Qe2 Rfc8 21. Kd2 Nb6 22. Rhg1 Na4 23. Rb1 Nxc3 24. Kxc3 Qa4 25. Bc1 Nf4 26. Qe3 e5 27. d5 Rc5 28. Bb2 Rxd5 29. Bxc4 Rc5 30. Qxc5 dxc5 0-1

[Event "2010 PHCC Championships"]
[Site "Port Huron"]
[Date "2010.01.28"]
[Round "2"]
[White "Boucher, David"]
[Black "Rutkofske, Lonnie"]
[Result "0-1"]
[WhiteElo "1303"]
[BlackElo "1902"]
[PlyCount "94"]
[EventDate "2010.01.28"]
[EventType "swiss"]
[EventRounds "4"]

1. e4 e6 2. b3 d5 3. Bb2 dxe4 4. Nc3 Nf6 5. Qe2 Bb4 6. O-O-O Qe7 7. Nxe4 Ba3 8. Kb1 Bxb2 9. Kxb2 Nxe4 10. Qxe4 Qf6+ 11. Kb1 Qxf2 12. Qe5 O-O 13. Qxc7 Na6 14. Qc3 Bd7 15. Nh3 Qb6 16. Bd3 h6 17. Be4 Nc5 18. Rhe1 Rac8 19. Qe3 Qc7 20. Nf4 Nxe4 21. Qxe4 b5 22. g3 a5 23. d4 a4 24. Re2 Bc6 25. Qe3 b4 26. Nd3 Bb5 27. Rf2 Qc3 28. Qd2 axb3 29. cxb3 Qxd4 30. Nxb4 Qe4+ 31. Nc2 Rc7 32. Rf4 Qg6 33. Rd4 Rfc8 34. Rd8+ Kh7 35. Rxc8 Rxc8 36. Kb2 Rc7 37. Rc1 Rd7 38. Qc3 Qg5 39. Qe1 Rd2 40. Qe4+ g6 41. Qe1 Rxh2 42. Kb1 Bd3 43. Qc3 Qxg3 44. Kb2 e5 45. Qc6 e4 46. Qf6 Qc7 47. Qd4 Rxc2+ 0-1

[Event "2010 PHCC Championships"]
[Site "St. Clair"]
[Date "2010.01.23"]
[Round "2"]
[White "Chan, Jaime"]
[Black "Willard, Phillip"]
[Result "1-0"]
[WhiteElo "1447"]
[BlackElo "1514"]
[PlyCount "94"]
[EventDate "2010.01.23"]
[EventType "swiss"]
[EventRounds "4"]

1. c4 c5 2. Nc3 e6 3. g3 Nc6 4. Bg2 Nf6 5. Nf3 d5 6. cxd5 exd5 7. d4 Be7 8. Bg5 cxd4 9. Nxd4 Be6 10. Nxe6 fxe6 11. O-O O-O 12. Qb3 b6 13. Qa4 Qe8 14. Rfd1 Rc8 15. Qh4 Qh5 16. Bxf6 Qxh4 17. Bxh4 g5 18. Bxg5 Bxg5 19. Bh3 Rf6 20. e4 d4 21. Nb5 Rcf8 22. f4 Bh6 23. Nxd4 Nxd4 24. Rxd4 Rg6 25. Kh1 Bg7 26. e5 Rh6 27. Bg2 Rc8 28. Be4 Bf8 29. Rad1 Bc5 30. Rd7 a5 31. Rc1 Rf8 32. a3 Rf7 33. Rd8+ Kg7 34. Rb8 Rd7 35. Rb7 Rxb7 36. Bxb7 Kf7 37. Be4 Kg7 38. Rc4 Bf2 39. Rc7+ Kg8 40. Kg2 Bd4 41. b3 Bc5 42. a4 Bb4 43. h4 Bc5 44. Kh3 Be3 45. Kg4 Bf2 46. Rb7 Bg1 47. Kg5 Bf2 1-0

[Event "2010 PHCC Championships"]
[Site "Port Huron"]
[Date "2010.02.04"]
[Round "2"]
[White "Petty, Michael"]
[Black "Broyles, Thomas"]
[Result "0-1"]
[WhiteElo "1703"]
[BlackElo "1737"]
[PlyCount "73"]
[EventDate "2010.02.04"]
[EventType "swiss"]
[EventRounds "4"]

1. e4 e5 2. Bc4 Bc5 3. d3 d6 4. h3 Nf6 5. Nf3 Be6 6. Bxe6 fxe6 7. c3 O-O 8. Qb3 Qc8 9. O-O Nc6 10. Bg5 h6 11. Bxf6 Rxf6 12. Nbd2 Ne7 13. d4 exd4 14. cxd4 Bb6 15. e5 Rf4 16. exd6 cxd6 17. Rfe1 d5 18. Rac1 Qd7 19. Qe3 Rf6 20. Ne5 Qd6 21. Ng4 Rg6 22. Nf3 Nf5 23. Qd3 Re8 24. Re2 h5 25. Nge5 Rf6 26. g4 hxg4 27. hxg4 Ne7 28. Ng5 g6 29. Qh3 Bxd4 30. Qh7+ Kf8 31. Qh8+ Ng8 32. Nh7+ Ke7 33. Qg7+ Kd8 34. Nxf6 Nxf6 35. Nf7+ Kd7 36. Nxd6+ Kxd6 37. Qc7# 0-1

[Event "2010 PHCC Championships"]
[Site "Port Huron"]
[Date "2010.01.28"]
[Round "2"]
[White "Wingrove, William"]
[Black "Gregg, Alan"]
[Result "0-1"]
[WhiteElo "1688"]
[BlackElo "1981"]
[PlyCount "72"]
[EventDate "2010.01.28"]
[EventType "swiss"]
[EventRounds "4"]

1. e4 c5 2. Nf3 d6 3. d4 cxd4 4. Nxd4 Nf6 5. Nc3 a6 6. Be2 g6 7. Be3 Bg7 8. O-O b5 9. a3 Bb7 10. Bf3 Nbd7 11. Qe2 Ne5 12. Nd5 O-O 13. a4 Nxf3+ 14. Qxf3 Nxd5 15. exd5 e6 16. axb5 Bxd5 17. Qe2 Qc7 18. c3 Bc4 19. Qd1 Bxf1 20. Qxf1 axb5 21. Nxb5 Rxa1 22. Qxa1 Qc6 23. Nd4 Ra8 24. Qb1 Qc4 25. h3 Rb8 26. Qc2 Rc8 27. Qd2 Ra8 28. g3 Ra1+ 29. Kg2 Qf1+ 30. Kf3 e5 31. Nb3 Rd1 32. Qc2 d5 33. Nd2 Qh1+ 34. Kg4 h5+ 35. Kh4 g5+ 36. Kxg5 Qxh3 0-1

[Event "2010 PHCC Championships"]
[Site "Port Huron"]
[Date "2010.02.11"]
[Round "3"]
[White "Broyles, Thomas"]
[Black "Fiedler, Robert"]
[Result "1-0"]
[WhiteElo "1737"]
[BlackElo "1769"]
[PlyCount "113"]
[EventDate "2010.02.11"]
[EventType "swiss"]
[EventRounds "4"]

1. e4 e5 2. Nf3 Nc6 3. Bb5 a6 4. Ba4 b5 5. Bb3 Na5 6. Bxf7+ Kxf7 7. Nxe5+ Ke8 8. Qh5+ g6 9. Nxg6 hxg6 10. Qxh8 Nh6 11. Qe5+ Qe7 12. Qxe7+ Bxe7 13. d4 Ng4 14. O-O c5 15. d5 c4 16. h3 Ne5 17. f4 Bc5+ 18. Kh1 Nf7 19. Bd2 Nb7 20. Nc3 Bd4 21. Rab1 d6 22. Ne2 Bc5 23. Bc3 Ke7 24. Rf3 Bd7 25. Rg3 Rg8 26. f5 g5 27. Nf4 Bf2 28. Rf3 gxf4 29. Rxf2 Ng5 30. Re1 f3 31. h4 Nf7 32. Rxf3 Ne5 33. Bxe5 dxe5 34. Kh2 Nd6 35. Rg3 Rh8 36. Rg7+ Ke8 37. g3 Rh5 38. Re3 Bc8 39. Kh3 Kf8 40. Rc7 Kg8 41. g4 Rh7 42. Rc6 Rd7 43. h5 Bb7 44. Rb6 Nf7 45. Kh4 Bc8 46. Re6 Rd8 47. Rg6+ Kh7 48. g5 Nd6 49. Rf6 Ne8 50. Rf7+ Kg8 51. g6 Rd7 52. Rxd7 Bxd7 53. Kg5 Nd6 54. f6 Be8 55. f7+ Nxf7+ 56. gxf7+ Bxf7 57. Rh3 1-0

[Event "2010 PHCC Championships"]
[Site "Port Huron"]
[Date "2010.02.18"]
[Round "3"]
[White "Gregg, Alan"]
[Black "Petty, Michael"]
[Result "1-0"]
[WhiteElo "1981"]
[BlackElo "1703"]
[PlyCount "76"]
[EventDate "2010.02.18"]
[EventType "swiss"]
[EventRounds "4"]

1. e4 d6 2. d4 c6 3. Nf3 Bg4 4. Be2 Bxf3 5. Bxf3 Qc7 6. O-O Nf6 7. c4 e6 8. Nc3 Be7 9. Be3 O-O 10. Rc1 Nbd7 11. b3 a6 12. Be2 Rac8 13. f4 e5 14. Kh1 Qb6 15. c5 dxc5 16. dxe5 Rcd8 17. exf6 Nxf6 18. Qc2 Qc7 19. e5 Nd5 20. Nxd5 cxd5 21. Rfd1 b6 22. Bxa6 Qa7 23. Bb5 d4 24. Bg1 Qb7 25. Be2 Qd7 26. Qd3 g5 27. f5 Rfe8 28. Qh3 Bf8 29. e6 fxe6 30. fxe6 Qg7 31. Bc4 Kh8 32. Rf1 Re7 33. Qf5 Qg8 34. a4 Rde8 35. h3 h6 36. Bh2 Bg7 37. Be5 Bxe5 38. Qxe5+ Kh7 1-0

[Event "2010 PHCC Championships"]
[Site "Port Huron"]
[Date "2010.02.11"]
[Round "3"]
[White "Morabito, Matthew"]
[Black "Rutkofske, Lonnie"]
[Result "1-0"]
[WhiteElo "1725"]
[BlackElo "1902"]
[PlyCount "103"]
[EventDate "2010.02.11"]
[EventType "swiss"]
[EventRounds "4"]

1. Nf3 d5 2. g3 c5 3. Bg2 Nc6 4. c4 Nf6 5. cxd5 Nxd5 6. Nc3 Nc7 7. d3 e6 8. O-O Be7 9. a3 O-O 10. Be3 Nd4 11. Rc1 Rb8 12. Bf4 Nxf3+ 13. Bxf3 Bg5 14. Bxg5 Qxg5 15. Ne4 Qe7 16. Nxc5 b6 17. Ne4 Bb7 18. Bg2 Qd7 19. Qd2 Na6 20. Rc2 Bd5 21. b4 Rbd8 22. Rfc1 Qb7 23. b5 Nb8 24. Rc7 Qa8 25. Qg5 h6 26. Qg4 Kh8 27. Qh4 Nd7 28. Qe7 f5 29. Rxd7 Rxd7 30. Qxd7 fxe4 31. dxe4 Bxe4 32. Rc7 Rg8 33. Rxa7 Qd5 34. Qxd5 Bxd5 35. Bxd5 exd5 36. Rd7 Ra8 37. Rxd5 Rxa3 38. e4 Rb3 39. f4 Kg8 40. e5 Kf7 41. f5 Ke7 42. Kg2 Rc3 43. Rd6 Rc5 44. Rxb6 Rxe5 45. Rb7+ Kf6 46. b6 Rxf5 47. Rb8 Rb5 48. b7 Kg6 49. h4 h5 50. Kf3 Kf7 51. Kf4 Ke7 52. Rg8 1-0

[Event "2010 PHCC Championships"]
[Site "St. Clair"]
[Date "2010.02.06"]
[Round "3"]
[White "Willard, Phillip"]
[Black "Boucher, David"]
[Result "0-1"]
[WhiteElo "1514"]
[BlackElo "1303"]
[PlyCount "66"]
[EventDate "2010.02.06"]
[EventType "swiss"]
[EventRounds "4"]

1. d4 d5 2. e3 e6 3. c4 c5 4. Nf3 Nc6 5. a3 Nf6 6. Bd3 Qb6 7. dxc5 Bxc5 8. O-O O-O 9. b4 Bd6 10. c5 Bxc5 11. bxc5 Qxc5 12. Qc2 Qd6 13. Bd2 e5 14. Bb5 Ne7 15. Bb4 Qd8 16. Nxe5 Be6 17. Bc3 Rc8 18. Qd1 a6 19. Bd3 Nc6 20. Nxc6 Rxc6 21. h3 Qe7 22. Bb4 Qd7 23. Bxf8 Kxf8 24. Bc2 Bxh3 25. gxh3 Qxh3 26. Bf5 Qxf5 27. f4 Rc2 28. Nd2 Qg6+ 29. Kf2 Ne4+ 30. Ke2 Nc3+ 31. Ke1 Qg3+ 32. Rf2 Qg1+ 33. Rf1 Qxe3+ 0-1

[Event "2010 PHCC Championships"]
[Site "Port Huron"]
[Date "2010.02.18"]
[Round "3"]
[White "Wingrove, William"]
[Black "Chan, Jaime"]
[Result "1-0"]
[WhiteElo "1648"]
[BlackElo "1447"]
[PlyCount "75"]
[EventDate "2010.02.18"]
[EventType "swiss"]
[EventRounds "4"]

1. e4 d6 2. d4 Nf6 3. Nc3 g6 4. Bg5 Bg7 5. f4 Bg4 6. Be2 Bxe2 7. Qxe2 O-O 8. Nf3 c5 9. e5 dxe5 10. dxe5 Ne8 11. O-O Nc6 12. Rad1 Qc8 13. Nd5 f6 14. exf6 exf6 15. Bh4 Nc7 16. Ne7+ Nxe7 17. Qxe7 Re8 18. Qxc5 Ne6 19. Qd5 Rd8 20. Qb3 Rxd1 21. Rxd1 Kh8 22. Bg3 Nc5 23. Qc4 b6 24. c3 Qe8 25. Bf2 Rc8 26. Qd5 Bf8 27. Re1 Qd7 28. Qxd7 Nxd7 29. Nd4 Nc5 30. Rd1 Ne4 31. Ne6 Bd6 32. g3 Nxf2 33. Kxf2 Bc5+ 34. Nxc5 Rxc5 35. Rd8+ Kg7 36. Rd7+ Kh6 37. Rxa7 Rd5 38. Re7 1-0

[Event "2010 PHCC Championships"]
[Site "Port Huron"]
[Date "2010.02.25"]
[Round "4"]
[White "Boucher, David"]
[Black "Wingrove, William"]
[Result "0-1"]
[WhiteElo "1303"]
[BlackElo "1688"]
[PlyCount "46"]
[EventDate "2010.02.25"]
[EventType "swiss"]
[EventRounds "4"]

1. e4 c5 2. Nf3 d6 3. c3 Nf6 4. e5 dxe5 5. Nxe5 Qd5 6. Bb5+ Bd7 7. Nxd7 Nbxd7 8. O-O e6 9. d3 Be7 10. Bf4 O-O 11. Bc4 Qc6 12. d4 cxd4 13. Qxd4 e5 14. Bxf7+ Rxf7 15. Bxe5 Nxe5 16. Qxe5 Bc5 17. Nd2 Ng4 18. Qe2 Nxf2 19. Rxf2 Rxf2 20. Qc4+ Kh8 21. Ne4 Qxe4 22. Qxe4 Re2+ 23. Qd4 Bxd4+ 0-1

[Event "2010 PHCC Championships"]
[Site "Port Huron"]
[Date "2010.03.04"]
[Round "4"]
[White "Gregg, Alan"]
[Black "Broyles, Thomas"]
[Result "1-0"]
[WhiteElo "1981"]
[BlackElo "1737"]
[PlyCount "71"]
[EventDate "2010.03.04"]
[EventType "swiss"]
[EventRounds "4"]

1. e4 e5 2. Nf3 Nc6 3. Bb5 a6 4. Ba4 Nf6 5. O-O Bc5 6. Nxe5 O-O 7. Bxc6 dxc6 8. d3 Re8 9. Nf3 Bg4 10. Be3 Bd6 11. Nbd2 Qd7 12. Nc4 Rad8 13. Nxd6 cxd6 14. Bb6 Rc8 15. Be3 h6 16. Kh1 c5 17. c4 Re7 18. h3 Bxh3 19. gxh3 Qxh3+ 20. Nh2 h5 21. Qf3 Qh4 22. Qg3 Qxg3 23. fxg3 Nd7 24. Nf3 f6 25. Rad1 Rd8 26. Bc1 Kf7 27. Kg2 Kg6 28. b3 Re6 29. Bb2 b6 30. Rh1 Kh6 31. g4 g6 32. Bc1+ Kh7 33. gxh5 gxh5 34. Rxh5+ Kg8 35. Kf2 Ne5 36. Rg1+ 1-0

[Event "2010 PHCC Championships"]
[Site "Port Huron"]
[Date "2010.02.25"]
[Round "4"]
[White "Petty, Michael"]
[Black "Morabito, Matthew"]
[Result "1-0"]
[WhiteElo "1703"]
[BlackElo "1725"]
[PlyCount "65"]
[EventDate "2010.02.25"]
[EventType "swiss"]
[EventRounds "4"]

1. e4 c5 2. Bc4 e6 3. Nc3 Nc6 4. Nf3 d6 5. O-O Nf6 6. d3 a6 7. h3 Be7 8. a4 Bd7 9. Be3 O-O 10. Ne2 d5 11. exd5 exd5 12. Bb3 Qc8 13. c3 Bxh3 14. gxh3 Qxh3 15. Nf4 Qg4+ 16. Kh1 d4 17. Rg1 Qd7 18. cxd4 cxd4 19. Bd2 Bd6 20. Qf1 Qf5 21. Qg2 Ne8 22. Nh4 Qf6 23. Qg5 Qxg5 24. Rxg5 Be7 25. Rg4 Ne5 26. Nf5 Nxg4 27. Nxe7+ Kh8 28. Kg2 Nef6 29. Rh1 Ne5 30. Bb4 Rfe8 31. Re1 Nc6 32. Bxf7 Nxb4 33. Neg6+ 1-0

[Event "2010 PHCC Championships"]
[Site "Port Huron"]
[Date "2010.02.27"]
[Round "4"]
[White "Rutkofske, Lonnie"]
[Black "Chan, Jaime"]
[Result "1-0"]
[WhiteElo "1902"]
[BlackElo "1447"]
[PlyCount "94"]
[EventDate "2010.02.27"]
[EventType "swiss"]
[EventRounds "4"]

1. e4 d6 2. g3 Nf6 3. Bg2 Bg4 4. f3 Bh5 5. Ne2 e5 6. c4 Nc6 7. O-O Be7 8. Nbc3 O-O 9. a3 Qd7 10. d4 Rfd8 11. d5 Na5 12. b3 c6 13. Bd2 c5 14. Qc2 Rdb8 15. Nd1 Qc7 16. Ne3 b5 17. Nf5 Kf8 18. cxb5 Rxb5 19. b4 Nb7 20. a4 Rb6 21. Rfc1 Bg6 22. Ne3 Ne8 23. Nc4 cxb4 24. Nxb6 Qxb6+ 25. Kh1 Nc5 26. Qc4 a5 27. Rcb1 Nc7 28. Nc3 f6 29. Nb5 Be8 30. Bf1 Rb8 31. Nxc7 Qxc7 32. Be3 Rc8 33. Bxc5 Qxc5 34. Rc1 Bh5 35. g4 Be8 36. Kg2 Bd7 37. Qxc5 dxc5 38. Bb5 Ke8 39. Rc4 Bd8 40. Kf2 Be7 41. Ke2 Bd8 42. Kd3 Be7 43. Rc2 g5 44. Rb1 h6 45. Rbc1 Rc7 46. Rc4 Rb7 47. d6 Rb8 1-0

[Event "2010 PHCC Championships"]
[Site "Port Huron"]
[Date "2010.02.25"]
[Round "4"]
[White "Willard, Phillip"]
[Black "Fiedler, Robert"]
[Result "0-1"]
[WhiteElo "1514"]
[BlackElo "1769"]
[PlyCount "92"]
[EventDate "2010.02.25"]
[EventType "swiss"]
[EventRounds "4"]

1. e4 c5 2. Nf3 Nc6 3. Nc3 d6 4. d4 cxd4 5. Nxd4 Nf6 6. h3 e6 7. Bb5 Bd7 8. Bxc6 bxc6 9. O-O Be7 10. Be3 c5 11. Nb3 O-O 12. Qf3 Bc6 13. Nd2 Rb8 14. Rab1 d5 15. Bf4 Rc8 16. Rfe1 dxe4 17. Ndxe4 Nxe4 18. Nxe4 f5 19. Qg3 Bxe4 20. Bh6 Bf6 21. Rbd1 Qe8 22. c3 Qg6 23. Bf4 Qxg3 24. Bxg3 Rfd8 25. f3 Rxd1 26. Rxd1 Bd5 27. a3 Bb3 28. Rd7 Rd8 29. Rxa7 Rd1+ 30. Kh2 Rd2 31. Ra5 Be7 32. c4 Bxc4 33. Ra8+ Kf7 34. Ra7 Ke8 35. Be5 g6 36. Bc3 Bd6+ 37. Kg1 Rd1+ 38. Kf2 Rf1+ 39. Ke3 f4+ 40. Ke4 Bd5+ 41. Kd3 Rf2 42. Rxh7 c4+ 43. Kd4 Rxg2 44. Rh8+ Kd7 45. Rh7+ Kc6 46. a4 e5# 0-1

[Event "2012 London Open - Canadian rated"]
[Site "?"]
[Date "2012.06.30"]
[Round "2"]
[White "Morabito, Matthew"]
[Black "Glenn, Richard"]
[Result "1-0"]
[WhiteElo "1900"]
[BlackElo "1850"]
[Annotator "Doe,John"]
[PlyCount "75"]
[EventDate "2012.06.30"]
[EventType "swiss"]
[EventRounds "4"]

1. Nf3 Nf6 2. g3 g6 3. Bg2 Bg7 4. O-O O-O 5. c4 d6 6. Nc3 c5 7. d4 Nbd7 8. e4 cxd4 9. Nxd4 Qb6 10. Ndb5 a6 11. Be3 Nc5 12. b4 axb5 13. Rb1 Bd7 14. bxc5 dxc5 15. e5 Bg4 16. f3 Rfd8 17. Qe2 Bf5 18. Rxb5 Qe6 19. exf6 Bxf6 20. Ne4 Bd4 21. Bxd4 Rxd4 22. Rxb7 Kg7 23. Rfb1 Rxc4 24. R7b6 Qd5 25. Rd1 Rxa2 26. Rb2 Qxd1+ 27. Qxd1 Rxb2 28. g4 Rbc2 29. Bf1 Rc1 30. Qd5 Be6 31. Qe5+ Kg8 32. Ng5 Bxg4 33. Qxe7 Rf4 34. Qe8+ Kg7 35. Qe5+ Rf6 36. Ne4 Bh3 37. Qxf6+ Kg8 38. Ng3 {Richard Glenn from England is always a perfect gentleman and fun to play. He has been beating me alot this past year.} 1-0